[Event "CAN-ch"]
[Site "Toronto CAN"]
[Date "2004.08.26"]
[Round "7.12"]
[White "Voskanyan, Vahagn"]
[Black "Panjwani, Raja"]
[Result "0-1"]
[WhiteElo "2264"]
[BlackElo "2221"]
[PlyCount "100"]
[EventDate "2004.08.20"]
[EventType "swiss"]
[EventRounds "11"]
[EventCountry "CAN"]

1. Nf3 Nf6 2. c4 g6 3. g3 Bg7 4. Bg2 O-O 5. O-O d6 6. d4 c6 7. Nc3 Qb6 8. h3
Qa6 9. b3 b5 10. Nd2 bxc4 11. Nxc4 Be6 12. Ne3 Nbd7 13. Bb2 Rac8 14. Nc2 Nd5
15. Qd2 f5 16. Rfe1 N7f6 17. Nxd5 cxd5 18. f3 Rc7 19. Kh2 f4 20. gxf4 Nh5 21.
e3 Bh6 22. Nb4 Qc8 23. Rac1 Nxf4 24. Rxc7 Qxc7 25. exf4 Bxf4+ 26. Qxf4 Rxf4 27.
Rxe6 Qd7 28. Re3 Rf5 29. f4 e6 30. Nd3 Qc8 31. Ba3 Qa6 32. Bb4 Qxa2 33. Ne1 Qf2
34. Rxe6 Qxf4+ 35. Kh1 Qxd4 36. Bxd6 Qc3 37. Re8+ Kf7 38. Re7+ Kf6 39. Kh2 d4
40. Re2 d3 41. Re3 d2 42. Rxc3 dxe1=Q 43. Rc7 Qd2 44. Bg3 a5 45. Rc6+ Kg5 46.
h4+ Kh5 47. Rc7 h6 48. Kh3 Qb4 49. Rc4 Qxb3 50. Rc2 g5 0-1

[Event "CAN-ch"]
[Site "Toronto CAN"]
[Date "2004.08.28"]
[Round "8.8"]
[White "Day, Lawrence"]
[Black "Panjwani, Raja"]
[Result "1-0"]
[WhiteElo "2334"]
[BlackElo "2221"]
[PlyCount "93"]
[EventDate "2004.08.20"]
[EventType "swiss"]
[EventRounds "11"]
[EventCountry "CAN"]

1. e4 e6 2. Qe2 b6 3. g3 Bb7 4. Bg2 Nf6 5. f4 d5 6. e5 Nfd7 7. Nc3 g6 8. h4 h5
9. Nf3 Nc6 10. Nd1 Ne7 11. Ne3 Nc5 12. d3 d4 13. Nf1 Nf5 14. b3 Na6 15. a3 c5
16. Ng5 Qd7 17. Ne4 Be7 18. Bd2 Nc7 19. Nf6+ Bxf6 20. Bxb7 Rb8 21. Qf3 Rxb7 22.
Qxb7 Bd8 23. Kf2 O-O 24. Nh2 Ne3 25. c4 Be7 26. b4 Re8 27. b5 Ra8 28. a4 Qd8
29. Nf3 Rb8 30. Qe4 Ncd5 31. Ng5 Ng4+ 32. Ke2 Bxg5 33. hxg5 Ne7 34. a5 Nf5 35.
Kf3 a6 36. bxa6 bxa5 37. Rab1 Kh7 38. a7 Ra8 39. Bxa5 Qh8 40. Rb7 Qg7 41. Bd8
Nh4+ 42. gxh4 Rxd8 43. Rb8 Qf8 44. Rxd8 Qxd8 45. a8=Q Nf6 46. gxf6 Qf8 47. Qab7
1-0

[Event "CAN-ch"]
[Site "Toronto CAN"]
[Date "2004.08.29"]
[Round "9.10"]
[White "Panjwani, Raja"]
[Black "Hamilton, Robert"]
[Result "0-1"]
[WhiteElo "2221"]
[BlackElo "2389"]
[PlyCount "93"]
[EventDate "2004.08.20"]
[EventType "swiss"]
[EventRounds "11"]
[EventCountry "CAN"]

1. d4 Nf6 2. c4 e6 3. Nc3 c5 4. d5 exd5 5. cxd5 d6 6. e4 g6 7. f4 Bg7 8. Bb5+
Nfd7 9. a4 O-O 10. Nf3 Na6 11. O-O Nc7 12. Bd3 b6 13. Nd2 Ba6 14. Bxa6 Nxa6 15.
Nc4 Qe7 16. Re1 Rfd8 17. Nb5 Nf8 18. a5 Nc7 19. Nxc7 Qxc7 20. axb6 axb6 21.
Rxa8 Rxa8 22. Qb3 Ra1 23. e5 dxe5 24. fxe5 Qd8 25. Rd1 Qh4 26. d6 Qg4 27. Rf1
Qe6 28. Qd3 b5 29. Nb6 c4 30. Qe3 Bxe5 31. d7 Bc7 32. Nc8 Qxe3+ 33. Bxe3 Rxf1+
34. Kxf1 Nxd7 35. Bd2 Bxh2 36. Na7 Be5 37. Bc3 b4 38. Bxb4 Bxb2 39. Ke2 f5 40.
Nb5 Be5 41. Na3 Nb6 42. Bc5 Bb2 43. Nb5 Nd5 44. Nd6 c3 45. Bd4 Nf4+ 46. Kf3 Nd3
47. Ke3 0-1

[Event "Pan-Am-ch U14"]
[Site "Bogota COL"]
[Date "2004.07.26"]
[Round "4"]
[White "Panjwani, Raja"]
[Black "Lemos, Damian"]
[Result "1-0"]
[WhiteElo "2154"]
[BlackElo "2230"]
[PlyCount "67"]
[EventDate "2004.07.24"]
[EventType "swiss"]
[EventRounds "9"]
[EventCountry "COL"]
[Source "ChessBase"]
[SourceDate "2004.09.01"]

1. e4 e6 2. d4 d5 3. Nc3 Bb4 4. exd5 exd5 5. Bd3 Ne7 6. Qh5 Nd7 7. Bg5 Nf8 8.
Nge2 Nfg6 9. O-O f6 10. Nf4 Bxc3 11. Nxg6 Nxg6 12. Bxg6+ Kf8 13. bxc3 fxg5 14.
Rae1 Bd7 15. Re3 g4 16. Rfe1 Qf6 17. Qxg4 Qf7 18. Qh5 Qxg6 19. Rf3+ Bf5 20.
Qxf5+ Qxf5 21. Rxf5+ Kg8 22. Re7 h5 23. Rff7 Rh7 24. Rxc7 Re8 25. Kf1 Rh6 26.
Rxg7+ Kh8 27. Rge7 Rxe7 28. Rxe7 Ra6 29. Rxb7 Rxa2 30. Ke1 a5 31. Kd2 Ra1 32.
Rb5 a4 33. Rxd5 h4 34. Rd7 1-0

[Event "CYCC U14 playoff"]
[Site "Kapuskasing CAN"]
[Date "2004.07.11"]
[Round "1"]
[White "Panjwani, Raja"]
[Black "Quan Zhe"]
[Result "1-0"]
[WhiteElo "2158"]
[BlackElo "2447"]
[PlyCount "111"]
[EventDate "2004.07.11"]
[EventType "match"]
[EventRounds "1"]
[EventCountry "CAN"]

1. e4 c5 2. Nf3 d6 3. d4 cxd4 4. Nxd4 Nf6 5. f3 a6 6. c4 e6 7. Nc3 Be7 8. Be3
Nbd7 9. Qd2 Qc7 10. Be2 b6 11. a4 O-O 12. O-O Bb7 13. a5 Rfd8 14. Rfc1 Bf8 15.
Nb3 bxa5 16. Nxa5 Rab8 17. b4 Ne5 18. Na4 Ba8 19. b5 axb5 20. cxb5 Qe7 21. Qd4
Qe8 22. Nb6 h6 23. Nxa8 Rxa8 24. b6 Rab8 25. b7 Qd7 26. Qa7 d5 27. Bb6 dxe4 28.
Bxd8 Qxd8 29. f4 Neg4 30. Nc6 Qc7 31. Ne5 Qxb7 32. Qxb7 Rxb7 33. Nxg4 Nxg4 34.
Bxg4 Kh7 35. f5 exf5 36. Bxf5+ g6 37. Bxe4 Rd7 38. Ra8 Bd6 39. g3 Kg7 40. Ra5
Re7 41. Rd5 Bxg3 42. hxg3 Rxe4 43. Kg2 Re7 44. Rcd1 Re8 45. Rd7 Rf8 46. Rf1 h5
47. Kh3 Kg8 48. Kh4 Kg7 49. Kg5 Kg8 50. Kh6 h4 51. gxh4 g5 52. hxg5 Re8 53.
Rfxf7 Rc8 54. Rg7+ Kf8 55. Rdf7+ Ke8 56. Rg8+ 1-0

[Event "CAN-op"]
[Site "Kapuskasing CAN"]
[Date "2004.07.11"]
[Round "2"]
[White "Panjwani, Raja"]
[Black "Spraggett, Kevin"]
[Result "0-1"]
[WhiteElo "2177"]
[BlackElo "2626"]
[PlyCount "70"]
[EventDate "2004.07.10"]
[EventType "swiss"]
[EventRounds "10"]
[EventCountry "CAN"]

1. d4 f5 2. Nc3 Nf6 3. Bg5 d5 4. Bxf6 exf6 5. e3 Be6 6. Bd3 Qd7 7. Nge2 Nc6 8.
a3 g6 9. Nf4 Bf7 10. Qf3 Ne7 11. O-O-O h5 12. h4 O-O-O 13. Qe2 Kb8 14. Kb1 Nc8
15. Bb5 c6 16. Ba4 Qc7 17. Bb3 Nd6 18. g3 Bh6 19. Na2 Rhe8 20. Rc1 Bf8 21. Qd2
Ka8 22. f3 Re7 23. Rhe1 Rde8 24. Re2 Bh6 25. Rce1 g5 26. hxg5 fxg5 27. Nd3 g4
28. fxg4 Ne4 29. Qc1 Nxg3 30. Rh2 fxg4 31. Ne5 Rxe5 32. dxe5 Qxe5 33. Rf2 Bg6
34. Nb4 Ne4 35. Nd3 Qe7 0-1

[Event "CAN-op"]
[Site "Kapuskasing CAN"]
[Date "2004.07.11"]
[Round "3"]
[White "Panjwani, Raja"]
[Black "Goletiani, Rusudan"]
[Result "0-1"]
[WhiteElo "2177"]
[BlackElo "2334"]
[PlyCount "108"]
[EventDate "2004.07.10"]
[EventType "swiss"]
[EventRounds "10"]
[EventCountry "CAN"]

1. e4 c5 2. Nf3 e6 3. g3 d5 4. d3 Nf6 5. Nbd2 b6 6. Bg2 Bb7 7. e5 Nfd7 8. O-O
Nc6 9. Re1 Qc7 10. Qe2 h6 11. h4 Be7 12. Nf1 O-O-O 13. c3 Rdg8 14. h5 g5 15.
hxg6 Rxg6 16. Bf4 h5 17. a3 h4 18. b4 hxg3 19. Bxg3 Kb8 20. bxc5 Nxc5 21. N1d2
Ba6 22. c4 dxc4 23. dxc4 Bb7 24. Rad1 Rgh6 25. Nb1 Nb3 26. Qb2 Nca5 27. Nbd2
Nxd2 28. Qxd2 Qxc4 29. Qf4 Qxf4 30. Bxf4 Rg6 31. Bg3 Bc5 32. Nd4 Rxg3 33. fxg3
Nb3 34. Bxb7 Kxb7 35. Re4 Nxd4 36. Kg2 Rd8 37. Rf4 Rd7 38. g4 Kc6 39. Rdf1 Nc2
40. Kh3 Rd3+ 41. R1f3 Rxa3 42. Rxa3 Nxa3 43. Rxf7 Nc4 44. Rxa7 Nxe5 45. Kh4 b5
46. Ra6+ Kd5 47. Ra5 b4 48. Rb5 Kc4 49. Ra5 b3 50. Ra1 b2 51. Rb1 Bd4 52. g5
Kb3 53. Kh5 Kc2 54. g6 Nxg6 0-1

[Event "CAN-op"]
[Site "Kapuskasing CAN"]
[Date "2004.07.16"]
[Round "8"]
[White "Smith, Andrew"]
[Black "Panjwani, Raja"]
[Result "0-1"]
[WhiteElo "1891"]
[BlackElo "2177"]
[PlyCount "80"]
[EventDate "2004.07.10"]
[EventType "swiss"]
[EventRounds "10"]
[EventCountry "CAN"]

1. d4 d5 2. c4 e6 3. Nc3 Nf6 4. Nf3 Bb4 5. Bg5 Nbd7 6. a3 Bxc3+ 7. bxc3 c5 8.
cxd5 exd5 9. g3 Qa5 10. Bg2 Ne4 11. O-O c4 12. Re1 Nb6 13. Bd2 f6 14. Nh4 O-O
15. Bh1 Qa4 16. Qc1 f5 17. f3 Nf6 18. Bg5 h6 19. Bxf6 Rxf6 20. e4 fxe4 21. fxe4
Be6 22. e5 Rf7 23. Ng6 Qd7 24. Qe3 Kh7 25. Nf4 Raf8 26. Rf1 Na4 27. Bg2 b5 28.
Rab1 a6 29. Qe2 Kg8 30. Qe3 Kh7 31. Qe2 Kg8 32. Rbc1 a5 33. Ng6 Rxf1+ 34. Rxf1
Rxf1+ 35. Qxf1 Qf7 36. Qxf7+ Kxf7 37. Nh8+ Kg8 38. Ng6 Nxc3 39. Ne7+ Kf7 40.
Nc6 b4 0-1

[Event "CAN-op"]
[Site "Kapuskasing CAN"]
[Date "2004.07.18"]
[Round "10"]
[White "Panjwani, Raja"]
[Black "Miller, Evgeny"]
[Result "1/2-1/2"]
[WhiteElo "2177"]
[BlackElo "2219"]
[PlyCount "29"]
[EventDate "2004.07.10"]
[EventType "swiss"]
[EventRounds "10"]
[EventCountry "CAN"]

1. e4 c6 2. d4 d5 3. f3 dxe4 4. fxe4 e5 5. Nf3 Be6 6. c3 Nd7 7. Bd3 Qb6 8. Qe2
Ngf6 9. O-O O-O-O 10. Nbd2 c5 11. b3 exd4 12. cxd4 cxd4 13. Bb2 Kb8 14. Kh1 Ng4
15. h3 1/2-1/2

[Event "CYCC U14"]
[Site "Kapuskasing CAN"]
[Date "2004.07.06"]
[Round "1"]
[White "Pauric, Denis"]
[Black "Panjwani, Raja"]
[Result "0-1"]
[WhiteElo "1602"]
[BlackElo "2158"]
[PlyCount "42"]
[EventDate "2004.07.06"]
[EventType "swiss"]
[EventRounds "7"]
[EventCountry "CAN"]

1. d4 Nf6 2. Nf3 c5 3. c3 e6 4. Bf4 Qb6 5. Qb3 d5 6. e3 c4 7. Qxb6 axb6 8. Nbd2
b5 9. Be2 Nc6 10. Ne5 b4 11. O-O Be7 12. h3 Bd7 13. f3 b5 14. e4 bxc3 15. bxc3
b4 16. Nxc6 Bxc6 17. cxb4 Bxb4 18. e5 Nh5 19. Be3 Ng3 20. Rf2 Nf5 21. Bf4 Bc3
0-1

[Event "CYCC U14"]
[Site "Kapuskasing CAN"]
[Date "2004.07.06"]
[Round "2"]
[White "Panjwani, Raja"]
[Black "McDonald, Justin"]
[Result "1-0"]
[WhiteElo "2158"]
[BlackElo "1858"]
[PlyCount "87"]
[EventDate "2004.07.06"]
[EventType "swiss"]
[EventRounds "7"]
[EventCountry "CAN"]

1. Nf3 d5 2. g3 Nf6 3. Bg2 g6 4. b4 Bg7 5. Bb2 Nbd7 6. d4 O-O 7. Nbd2 Nb6 8. a4
a5 9. b5 Bd7 10. c4 dxc4 11. Ne5 Nfd5 12. Ndxc4 Nxc4 13. Nxc4 c6 14. bxc6 Bxc6
15. e4 Nb6 16. Ne3 Qd7 17. e5 Bxg2 18. Nxg2 e6 19. O-O Rfd8 20. Ne3 Rac8 21.
Qb3 Rc6 22. Qb5 Ra8 23. Rfd1 Qc7 24. Rac1 Bh6 25. f4 Bf8 26. g4 Bb4 27. Kf2 Rc8
28. Ke2 Nc4 29. Nxc4 Rxc4 30. Rxc4 Qxc4+ 31. Qxc4 Rxc4 32. Kd3 Rc6 33. Rc1 Rb6
34. Rc8+ Kg7 35. d5 exd5 36. e6+ f6 37. f5 Rc6 38. Rd8 Be7 39. Re8 Bd6 40. g5
gxf5 41. gxf6+ Kh6 42. f7 Kg6 43. Rg8+ Kh5 44. Bf6 1-0

[Event "CYCC U14"]
[Site "Kapuskasing CAN"]
[Date "2004.07.07"]
[Round "3"]
[White "Quan Zhe"]
[Black "Panjwani, Raja"]
[Result "1/2-1/2"]
[WhiteElo "2447"]
[BlackElo "2158"]
[PlyCount "117"]
[EventDate "2004.07.06"]
[EventType "swiss"]
[EventRounds "7"]
[EventCountry "CAN"]

1. d4 Nf6 2. c4 e6 3. Nc3 Bb4 4. Qc2 O-O 5. a3 Bxc3+ 6. Qxc3 Ne4 7. Qc2 f5 8.
g3 b6 9. Bg2 Bb7 10. Nh3 c5 11. dxc5 bxc5 12. O-O Nc6 13. e3 Qc7 14. b3 a5 15.
Bb2 a4 16. bxa4 Ne5 17. Ng5 Nxg5 18. Bxe5 Nh3+ 19. Bxh3 Qxe5 20. Bg2 Bxg2 21.
Kxg2 Qe4+ 22. Qxe4 fxe4 23. Rfd1 Rfd8 24. Rd6 Kf7 25. a5 Rxa5 26. a4 Ke7 27.
Rb6 Rda8 28. Rb5 Kd6 29. Rxa5 Rxa5 30. f3 exf3+ 31. Kxf3 Ke5 32. e4 d5 33. exd5
exd5 34. cxd5 Kxd5 35. Ke3 Kc4 36. Rc1+ Kd5 37. Rd1+ Ke5 38. Ra1 c4 39. Ra3 Kd5
40. Kd2 Kd4 41. Kc2 Rf5 42. a5 Rf2+ 43. Kd1 c3 44. a6 Kd3 45. Ke1 Re2+ 46. Kf1
Re8 47. a7 Ra8 48. Ke1 Kc2 49. Ra6 Kc1 50. Ra1+ Kb2 51. Ra6 c2 52. Rb6+ Kc1 53.
Rb7 Re8+ 54. Kf2 Rf8+ 55. Ke2 Re8+ 56. Kf2 Rf8+ 57. Kg2 Kd2 58. Rd7+ Ke2 59.
Re7+ 1/2-1/2

[Event "CYCC U14"]
[Site "Kapuskasing CAN"]
[Date "2004.07.07"]
[Round "4"]
[White "Panjwani, Raja"]
[Black "Rozybakiyev, Rasul"]
[Result "1-0"]
[WhiteElo "2158"]
[BlackElo "1388"]
[PlyCount "87"]
[EventDate "2004.07.06"]
[EventType "swiss"]
[EventRounds "7"]
[EventCountry "CAN"]

1. d4 d5 2. Bg5 Nf6 3. Bxf6 exf6 4. e3 Bd6 5. c4 c6 6. Nc3 Be6 7. Qb3 b6 8.
cxd5 cxd5 9. Bb5+ Nd7 10. Bc6 Rc8 11. Bxd5 Bxd5 12. Qxd5 Bb4 13. Nge2 O-O 14.
a3 Bxc3+ 15. Nxc3 Nb8 16. Qxd8 Rfxd8 17. O-O Nc6 18. Rac1 Kf8 19. b4 Ke7 20.
Rc2 a5 21. b5 Na7 22. a4 Rd7 23. Rfc1 Kd8 24. Ne4 Rdc7 25. Rxc7 Rxc7 26. Rxc7
Kxc7 27. Nd2 Nc8 28. Nc4 Ne7 29. e4 g6 30. d5 Nc8 31. f3 Kd7 32. Kf2 h5 33. Ke3
Ke7 34. Kd4 Kd7 35. e5 f5 36. h4 Ke7 37. d6+ Ke6 38. Ne3 Na7 39. Nd5 Nc8 40.
Nf4+ Kd7 41. Kd5 Na7 42. Nh3 Nc8 43. Ng5 Ke8 44. Nxf7 1-0

[Event "CYCC U14"]
[Site "Kapuskasing CAN"]
[Date "2004.07.08"]
[Round "5"]
[White "Panjwani, Raja"]
[Black "Brown, Gabriel"]
[Result "1-0"]
[WhiteElo "2158"]
[BlackElo "1689"]
[PlyCount "150"]
[EventDate "2004.07.06"]
[EventType "swiss"]
[EventRounds "7"]
[EventCountry "CAN"]

1. Nf3 Nf6 2. c4 c5 3. e3 e6 4. b3 b6 5. g3 Bb7 6. Bg2 g6 7. Bb2 Bg7 8. O-O O-O
9. a3 d5 10. d3 Nc6 11. Nbd2 Qc7 12. cxd5 Nxd5 13. Bxg7 Kxg7 14. Qc2 Rad8 15.
Rfc1 Qd7 16. Nc4 f6 17. Rd1 Rc8 18. Qb2 Qe7 19. e4 Nc7 20. b4 cxb4 21. axb4 b5
22. Ne3 e5 23. Nd5 Nxd5 24. exd5 Nxb4 25. Rxa7 Rc7 26. Nd2 Nxd5 27. Rc1 Rfc8
28. Rxc7 Rxc7 29. Qxb5 Nc3 30. Qxb7 Nb5 31. Qxb5 Rxa7 32. Bd5 Rc7 33. Nb3 Qd7
34. Qxd7+ Rxd7 35. Bc4 g5 36. Nc5 Ra7 37. Kg2 Kg6 38. Kf3 Ra1 39. Be6 Ra5 40.
Nd7 Ra4 41. g4 h6 42. Nc5 Rd4 43. Bf5+ Kf7 44. Ne6 Ra4 45. Nc5 Rd4 46. Ke3 Rb4
47. Na6 Rd4 48. Nb8 Ra4 49. Nd7 Rd4 50. Nb6 Rb4 51. Nc4 Rb8 52. Kd2 Rd8 53. Kc3
Rd4 54. f3 Rd8 55. Kb4 Rd5 56. Nb6 Rd8 57. Kc5 Kg7 58. Bd7 Rh8 59. Kd6 h5 60.
h3 hxg4 61. hxg4 Kf7 62. Be6+ Kg7 63. Ke7 Rb8 64. Nd5 Rf8 65. Nc7 Rb8 66. Ne8+
Kh6 67. Bf5 Ra8 68. Kf7 e4 69. Bxe4 Ra7+ 70. Ke6 Ra6+ 71. Nd6 Kg7 72. d4 Ra5
73. Ne8+ Kh6 74. d5 Ra7 75. d6 f5 1-0

[Event "CYCC U14"]
[Site "Kapuskasing CAN"]
[Date "2004.07.08"]
[Round "6"]
[White "Churchill, Sam"]
[Black "Panjwani, Raja"]
[Result "0-1"]
[WhiteElo "1597"]
[BlackElo "2158"]
[PlyCount "94"]
[EventDate "2004.07.06"]
[EventType "swiss"]
[EventRounds "7"]
[EventCountry "CAN"]

1. e4 c5 2. b3 e6 3. Bb2 d5 4. Bb5+ Bd7 5. Bxd7+ Qxd7 6. exd5 Qxd5 7. Nf3 Nc6
8. Nc3 Qd7 9. O-O Nf6 10. d3 O-O-O 11. Ne4 Be7 12. Nfg5 Rdf8 13. Qf3 Nd4 14.
Qd1 Nxe4 15. Nxe4 f5 16. Nd2 Bf6 17. c3 Nc6 18. Nf3 Rd8 19. Qe2 Rhe8 20. Rfd1
e5 21. Qc2 Kb8 22. a3 Qc7 23. b4 e4 24. Ne1 cxb4 25. axb4 Nxb4 26. Qa4 Nc6 27.
d4 Rd5 28. Qc4 Red8 29. Nc2 Bg5 30. Qb3 Na5 31. Qa2 Qc4 32. Qb1 a6 33. Ra3 Qc7
34. Qa1 Nc4 35. Ra2 f4 36. Bc1 f3 37. Ne3 Bxe3 38. Bxe3 Qd7 39. Bf4+ Ka7 40.
Rb1 Rb5 41. Re1 g5 42. Bg3 Qf5 43. Qc1 h5 44. h4 gxh4 45. Bxh4 Rg8 46. Bg3 h4
47. Qf4 hxg3 0-1

[Event "CYCC U14"]
[Site "Kapuskasing CAN"]
[Date "2004.07.09"]
[Round "7"]
[White "Hsiung, Timothy"]
[Black "Panjwani, Raja"]
[Result "0-1"]
[WhiteElo "1315"]
[BlackElo "2158"]
[PlyCount "74"]
[EventDate "2004.07.06"]
[EventType "swiss"]
[EventRounds "7"]
[EventCountry "CAN"]

1. d4 b6 2. c4 Bb7 3. Nc3 e6 4. Bf4 Bb4 5. e3 Nf6 6. Nf3 O-O 7. Be2 d6 8. O-O
Bxc3 9. bxc3 Ne4 10. Qc2 f5 11. Rfd1 Nd7 12. Nd2 g5 13. Bg3 Qf6 14. f3 Nxg3 15.
hxg3 e5 16. Rf1 h5 17. e4 f4 18. gxf4 gxf4 19. c5 dxc5 20. Bc4+ Kh8 21. d5 Qh4
22. Nb3 Rf6 23. Rf2 Rg6 24. Kf1 Rag8 25. d6 Rxg2 26. Bxg8 Qh1+ 27. Ke2 Rxf2+
28. Kxf2 Qh2+ 29. Ke1 Qxc2 30. dxc7 Kxg8 31. Rd1 Qxc3+ 32. Kf2 Qe3+ 33. Kf1
Ba6+ 34. Kg2 Qe2+ 35. Kh3 Qxf3+ 36. Kh2 Qxd1 37. c8=Q+ Bxc8 0-1

[Event "CAN-ch U20 2004"]
[Site "Calgary CAN"]
[Date "2004.01.02"]
[Round "1.3"]
[White "Panjwani, Raja"]
[Black "Palmer, Jordan"]
[Result "1/2-1/2"]
[WhiteElo "2173"]
[BlackElo "1906"]
[PlyCount "94"]
[EventDate "2004.01.02"]
[EventType "swiss"]
[EventRounds "9"]
[EventCountry "CAN"]

1. d4 Nf6 2. Bg5 e6 3. e4 h6 4. Bxf6 Qxf6 5. Nc3 Bb4 6. Qd2 c5 7. a3 cxd4 8.
axb4 dxc3 9. bxc3 d5 10. exd5 exd5 11. Bb5+ Bd7 12. Qe2+ Qe6 13. Qxe6+ fxe6 14.
Bd3 Nc6 15. Nf3 O-O 16. b5 Nd8 17. Ne5 Be8 18. O-O Rf6 19. g3 h5 20. f4 Nf7 21.
Rfe1 Nd6 22. Reb1 Nf7 23. Nxf7 Rxf7 24. Re1 Re7 25. Re5 Bf7 26. Kf2 Rc7 27. b6
Rxc3 28. bxa7 Rc7 29. Ree1 b5 30. Reb1 Rcxa7 31. Rxa7 Rxa7 32. Rxb5 Kf8 33. h3
Ke7 34. Rb6 Kf6 35. g4 hxg4 36. hxg4 g5 37. f5 Ke5 38. Ke3 Ra4 39. Rb7 Kf6 40.
Kf3 Rf4+ 41. Kg3 Ra4 42. Rc7 Ra1 43. Kf2 Ra4 44. c4 exf5 45. c5 Rxg4 46. c6 Be6
47. Rh7 Rh4 1/2-1/2

[Event "CAN-ch U20 2004"]
[Site "Calgary CAN"]
[Date "2004.01.02"]
[Round "2.5"]
[White "Dinca, Cornelia"]
[Black "Panjwani, Raja"]
[Result "1/2-1/2"]
[WhiteElo "1789"]
[BlackElo "2173"]
[PlyCount "118"]
[EventDate "2004.01.02"]
[EventType "swiss"]
[EventRounds "9"]
[EventCountry "CAN"]

1. e4 b6 2. d4 Bb7 3. Nc3 e6 4. a3 Nf6 5. Bd3 c5 6. Nf3 Be7 7. O-O O-O 8. dxc5
bxc5 9. e5 Nd5 10. Nxd5 Bxd5 11. c4 Bb7 12. Qe2 f5 13. Bd2 g5 14. h3 Rf7 15. b4
h5 16. b5 g4 17. hxg4 hxg4 18. Nh2 Rh7 19. Nxg4 Rg7 20. Nh6+ Kf8 21. f3 Bg5 22.
Be3 Bxe3+ 23. Qxe3 Qg5 24. Qxg5 Rxg5 25. g4 f4 26. Nf5 exf5 27. Bxf5 a6 28. Kf2
axb5 29. cxb5 Ra4 30. Rfd1 Rc4 31. Rac1 Bd5 32. a4 Ke7 33. Rxc4 Bxc4 34. Rc1
Bb3 35. a5 d6 36. a6 Nd7 37. exd6+ Kxd6 38. Bxd7 Kxd7 39. a7 Rg8 40. Rxc5 Kd6
41. Rc6+ Kd7 42. Rf6 Kc7 43. b6+ Kb7 44. Rxf4 Bd5 45. Rd4 Bc6 46. Rb4 Bd5 47.
Kg3 Rg6 48. f4 Be6 49. g5 Bf5 50. Ra4 Rg8 51. a8=Q+ Rxa8 52. Rxa8 Kxa8 53. Kh4
Kb7 54. Kh5 Kxb6 55. g6 Kc6 56. g7 Bh7 57. f5 Kd6 58. Kh6 Bg8 59. Kg6 Ke7
1/2-1/2

[Event "CAN-ch U20 2004"]
[Site "Calgary CAN"]
[Date "2004.01.03"]
[Round "3.3"]
[White "Davies, Lucas"]
[Black "Panjwani, Raja"]
[Result "0-1"]
[WhiteElo "2133"]
[BlackElo "2173"]
[PlyCount "116"]
[EventDate "2004.01.02"]
[EventType "swiss"]
[EventRounds "9"]
[EventCountry "CAN"]

1. e4 b6 2. d4 Bb7 3. Nd2 Nf6 4. Bd3 Nc6 5. c3 e5 6. d5 Nb8 7. Ngf3 d6 8. O-O
g6 9. b4 Nbd7 10. Nb3 Bg7 11. a4 O-O 12. c4 c5 13. bxc5 Nxc5 14. Nxc5 bxc5 15.
a5 Ba6 16. Qa4 Qd7 17. Bd2 Qxa4 18. Rxa4 Rab8 19. Bc2 Rb2 20. Rc1 Rfb8 21. Bc3
Rxc2 22. Rxc2 Rb1+ 23. Be1 Nxe4 24. Kf1 Bh6 25. Ke2 Nf6 26. Nd2 Rb7 27. Kd1 Nh5
28. g3 f5 29. Rc1 Nf6 30. Rb1 Re7 31. Rb8+ Kf7 32. Rd8 Ne8 33. Kc2 e4 34. Nf1
Bg7 35. Bd2 Bd4 36. Be3 Rb7 37. Bxd4 cxd4 38. Nd2 Ke7 39. Rc8 Kd7 40. Ra8 g5
41. Nb3 e3 42. fxe3 dxe3 43. Nd4 f4 44. gxf4 gxf4 45. Nb5 f3 46. Kd3 e2 47. Ra1
Bxb5 48. cxb5 Rxb5 49. Rxa7+ Nc7 50. Ke3 Rxd5 51. Rc1 Rc5 52. Rg1 Rc3+ 53. Kf2
Kc6 54. Rb1 Kd5 55. a6 Kc6 56. Rab7 Nd5 57. a7 Ra3 58. a8=Q Rxa8 0-1

[Event "CAN-ch U20 2004"]
[Site "Calgary CAN"]
[Date "2004.01.03"]
[Round "4.2"]
[White "Panjwani, Raja"]
[Black "Vincent, Trevor"]
[Result "1-0"]
[WhiteElo "2173"]
[BlackElo "2010"]
[PlyCount "69"]
[EventDate "2004.01.02"]
[EventType "swiss"]
[EventRounds "9"]
[EventCountry "CAN"]

1. e4 c5 2. Nf3 Nc6 3. Bb5 g6 4. Bxc6 bxc6 5. O-O Bg7 6. d3 Rb8 7. c3 e5 8. Na3
Ne7 9. Ne1 O-O 10. Be3 d6 11. Qd2 Be6 12. f4 f5 13. Nf3 c4 14. Ng5 Bd7 15. Nxc4
h6 16. Nf3 Be6 17. Na3 exf4 18. Bxf4 g5 19. Be3 Qd7 20. Bd4 f4 21. b4 Ng6 22.
Bxg7 Kxg7 23. Nd4 Rbe8 24. Nxe6+ Rxe6 25. Nc2 c5 26. Qe2 Rfe8 27. bxc5 dxc5 28.
Rad1 Qe7 29. Qh5 Re5 30. Na3 g4 31. Qxg4 Rg5 32. Qh3 Rf8 33. Rd2 f3 34. Nc4 Rf4
35. Ne3 1-0

[Event "CAN-ch U20 2004"]
[Site "Calgary CAN"]
[Date "2004.01.04"]
[Round "5.2"]
[White "Panjwani, Raja"]
[Black "Meng, Fanhao"]
[Result "0-1"]
[WhiteElo "2173"]
[BlackElo "2273"]
[PlyCount "98"]
[EventDate "2004.01.02"]
[EventType "swiss"]
[EventRounds "9"]
[EventCountry "CAN"]

1. d4 d5 2. Bg5 Nf6 3. Bxf6 exf6 4. e3 Bd6 5. c4 c6 6. Nc3 dxc4 7. Bxc4 f5 8.
Nf3 O-O 9. O-O Nd7 10. Qc2 Nf6 11. Rfd1 Qe7 12. d5 c5 13. Nb5 a6 14. Nxd6 Qxd6
15. a4 b6 16. Nd2 Re8 17. Be2 Rb8 18. Nc4 Qd7 19. Bf3 b5 20. Na5 Qd6 21. Nc6
Rb6 22. axb5 axb5 23. b3 g6 24. Rdc1 Nd7 25. Ra8 Ra6 26. Na7 Qe5 27. h3 Kg7 28.
d6 Nb6 29. Rb8 Qxd6 30. Rxc8 Nxc8 31. Nxc8 Rxc8 32. Bb7 Rac6 33. Qe2 Rd8 34.
Bxc6 Qxc6 35. Rd1 Rxd1+ 36. Qxd1 h6 37. Qa1+ Kh7 38. Qc3 Qd5 39. f3 c4 40. b4
Qd1+ 41. Kf2 Qb3 42. Qf6 c3 43. h4 c2 44. Qa1 Qd3 45. h5 Qd2+ 46. Kg3 c1=Q 47.
hxg6+ Kxg6 48. Qa6+ Kg7 49. Qa3 Qxa3 0-1

[Event "CAN-ch U20 2004"]
[Site "Calgary CAN"]
[Date "2004.01.04"]
[Round "6.1"]
[White "Quan Zhe"]
[Black "Panjwani, Raja"]
[Result "1-0"]
[WhiteElo "2449"]
[BlackElo "2173"]
[PlyCount "39"]
[EventDate "2004.01.02"]
[EventType "swiss"]
[EventRounds "9"]
[EventCountry "CAN"]

1. d4 b6 2. c4 Bb7 3. Nf3 e6 4. g3 f5 5. Bg2 Nf6 6. O-O Be7 7. Nc3 Ne4 8. Bd2
Bf6 9. Rc1 Nc6 10. d5 Ne7 11. Nxe4 fxe4 12. Ng5 exd5 13. cxd5 Bxd5 14. Qc2 e3
15. Bxe3 Bxg2 16. Kxg2 h6 17. Ne4 Nc6 18. Rfd1 Rc8 19. Bf4 g5 20. Rxd7 1-0

[Event "CAN-ch U20 2004"]
[Site "Calgary CAN"]
[Date "2004.01.05"]
[Round "7.4"]
[White "Davies, Noam"]
[Black "Panjwani, Raja"]
[Result "0-1"]
[WhiteElo "1948"]
[BlackElo "2173"]
[PlyCount "60"]
[EventDate "2004.01.02"]
[EventType "swiss"]
[EventRounds "9"]
[EventCountry "CAN"]

1. e4 e6 2. d4 c5 3. Nf3 cxd4 4. Nxd4 Nf6 5. Bd3 Qb6 6. Nb3 Qc7 7. O-O b6 8.
Qe2 d6 9. Bd2 Bb7 10. Bc3 Nbd7 11. f4 e5 12. N1d2 Be7 13. Qf2 O-O 14. Rae1 Rac8
15. Kh1 a6 16. Nc1 Nc5 17. fxe5 dxe5 18. Qf5 Bd6 19. Qg5 h6 20. Qh4 b5 21. Re3
Qe7 22. Rg3 Nfxe4 23. Nxe4 Qxh4 24. Nxd6 g6 25. Nf5 Qd8 26. Nxh6+ Kh7 27. Nxf7
Nxd3 28. Rxd3 Qe7 29. Rh3+ Kg7 30. Rh4 Rxc3 0-1

[Event "CAN-ch U20 2004"]
[Site "Calgary CAN"]
[Date "2004.01.05"]
[Round "8.3"]
[White "Panjwani, Raja"]
[Black "Kaminski, Victor"]
[Result "0-1"]
[WhiteElo "2173"]
[BlackElo "1980"]
[PlyCount "84"]
[EventDate "2004.01.02"]
[EventType "swiss"]
[EventRounds "9"]
[EventCountry "CAN"]

1. d4 Nf6 2. Bg5 g6 3. Bxf6 exf6 4. g3 f5 5. e3 Bg7 6. c4 O-O 7. Bg2 c5 8. Ne2
Qb6 9. Nbc3 Nc6 10. dxc5 Qxb2 11. Rc1 Nb4 12. Qd2 Bxc3 13. Rxc3 Qxd2+ 14. Kxd2
Na6 15. Nd4 Nxc5 16. Nb5 a6 17. Nd6 Kg7 18. Ke2 Rb8 19. Rb1 Kf6 20. Rc2 Ke7 21.
Rd2 b6 22. Rd5 Na4 23. Kd2 a5 24. c5 Nxc5 25. Nxf5+ gxf5 26. Rxc5 bxc5 27. Rxb8
Ba6 28. Rb6 Bc4 29. a3 Rc8 30. Kc3 Be6 31. Ra6 Rb8 32. Rxa5 Rb3+ 33. Kc2 c4 34.
h4 c3 35. Rxf5 Rxa3 36. Rf4 d5 37. g4 Kd6 38. g5 Bd7 39. Rf6+ Kc5 40. Rf4 Ba4+
41. Kb1 c2+ 42. Kb2 Ra1 0-1